LEADER 01466nam 2200373Ia 450 001 996397740103316 005 20200824132327.0 035 $a(CKB)4940000000059897 035 $a(EEBO)2248540381 035 $a(OCoLC)ocm17807540e 035 $a(OCoLC)17807540 035 $a(EXLCZ)994940000000059897 100 $a19880418d1689 uy 1 101 0 $aeng 135 $aurbn||||a|bb| 200 14$aThe amours of Messalina, late queen of Albion$b[electronic resource] $ein which are briefly couch'd secrets of the imposture of the Cambrion prince, the Gothick league,and other court intrigues of the four last years reign, not yet made publick /$fby a woman of quality .. 210 $aLondon $cPrinted for John Lyford$d1689 215 $a32, 25-40, 49-80, [4], 33-54 p. $cport 300 $aA libel on Mary of Modena, Queen consort of James II. 300 $aSometimes attributed to Gregorio Leti. 300 $aIncludes 4 parts which also appear separately as: Part 2, S2299, part 3 T912, Part 4 A3027 (number cancelled). 300 $aReproduction of original in the British Library. 330 $aeebo-0018 700 $aWoman of quality$ffl. 1689-1690.$01008787 701 $aLeti$b Gregorio$f1630-1701.$0192430 801 0$bEAI 801 1$bEAI 801 2$bEAA 801 2$bUMI 801 2$bWaOLN 906 $aBOOK 912 $a996397740103316 996 $aThe amours of Messalina, late queen of Albion$92327628 997 $aUNISA LEADER 01715nam 2200505Ia 450 001 9910699534103321 005 20230902162154.0 035 $a(CKB)5470000002403587 035 $a(OCoLC)659509563 035 $a(EXLCZ)995470000002403587 100 $a20100830d1992 ua 0 101 0 $aeng 135 $aurbn||||||||| 181 $ctxt$2rdacontent 182 $cc$2rdamedia 183 $acr$2rdacarrier 200 10$aExperimental investigation of an ejector-powered free-jet facility$b[electronic resource] /$fMary Jo Long 210 1$a[Washington, D.C.] :$c[National Aeronautics and Space Administration],$d[1992] 215 $a1 online resource (13 pages) $cdigital, PDF file 225 1 $aNASA technical memorandum ;$v105868 300 $aTitle from title screen (viewed Aug. 26, 2010). 320 $aIncludes bibliographical references (pages 7-8). 410 0$aNASA technical memorandum ;$v105868. 606 $aAircraft noise$2nasat 606 $aEjectors$2nasat 606 $aEngine noise$2nasat 606 $aExhaust nozzles$2nasat 606 $aFree jets$2nasat 606 $aSubsonic wind tunnels$2nasat 606 $aTest facilities$2nasat 615 7$aAircraft noise. 615 7$aEjectors. 615 7$aEngine noise. 615 7$aExhaust nozzles. 615 7$aFree jets. 615 7$aSubsonic wind tunnels. 615 7$aTest facilities. 700 $aLong$b Mary Jo$01420307 712 02$aUnited States.$bNational Aeronautics and Space Administration. 801 0$bGPO 801 1$bGPO 906 $aBOOK 912 $a9910699534103321 996 $aExperimental investigation of an ejector-powered free-jet facility$93537730 997 $aUNINA